Modern Family Charaktere bennenen - Statistiken

Allgemein
  • Dieses Quiz wurde 114 mal gespielt
    102 seit der letzten Aktualisierung
  • Das Durchschnittsergebnis liegt bei 15 aus 20
Antwortstatistiken
Bildquiz Antwort % Korrekt
Phil Dunphy
100%
Cameron Tucker
96%
Claire Dunphy
95%
Gloria Pritchett
94%
Luke Dunphy
91%
Mitchell Pritchett
91%
Alex Dunphy
88%
Jay Pritchett
86%
Lily Tucker-Pritchett
86%
Manny Delgado
86%
Haley Dunphy
79%
Dylan Marshall
71%
Fulgencio Joseph Pritchett
71%
Stella
70%
Andy Bailey
64%
Pepper Saltzman
55%
Dede Pritchett
52%
Javier Delgado
38%
Frank Dunphy
34%
Earl Chambers
32%
Keine übereinstimmenden Quizze gefunden
Verteilung der Resultate
Anzahl Personen mit jedem Resultat
Perzentil nach korrekt beantworteten Fragen
Ihre Resultats-Entwicklung
Sie haben dieses Quiz seit der letzten Aktualisierung nicht gespielt